000 00808nam a2200217 4500
001 2007145
003 AM-YEHGA
005 20250617165012.0
008 250205s1940 ru |||||r|||||||||0|rus|d
040 _aAM-YeHGA
041 0 _arus
100 1 _aБрюсов, Александр Яковлевич,
_d1885-1966
245 1 0 _aИстория древней Карелии /
_cА.Я. Брюсов ; Под ред. Г. Г. Бережного.
260 _aМосква :
_bГос. ист. музей,
_c1940.
300 _a320 с. ;
_b1 вкл. л. карт., ил.
440 0 _aТруды Государственного исторического музея
_vВып. IX
504 _aБиблиогр.: с. 169-204
650 1 4 _aИстория России
942 _2udc
_cBK
090 _c571985
999 _c533017
_d533017